000
00313nam a2200133Ia 4500
005
20251222155157.0
008
251222s9999||||xx |||||||||||||| ||spa||
082
_a
ETI.230
100
_a
Osvaldo Cuadro Moreno
245
0
_a
Psicoterapia de fe
250
_a
10ma. ed.
264
_b
Gráfica espinal
942
_c
LIB
999
_c
39776
_d
39776